Investment characteristics of natural monopoly companies
Skúmanie možnosti investícií súkromných investorov v prirodzenom monopole a analýza problematiky merania rizík.
Enregistré dans:
| Auteur principal: | |
|---|---|
| Format: | Chapitre de livre |
| Langue: | anglais |
| Sujets: | |
| Tags: |
Pas de tags, Soyez le premier à ajouter un tag!
|
MARC
| LEADER | 00000nla a2200000 4500 | ||
|---|---|---|---|
| 001 | 0151560 | ||
| 005 | 20240209072219.7 | ||
| 041 | 0 | |a eng | |
| 044 | |a CZ | ||
| 245 | 1 | 0 | |a Investment characteristics of natural monopoly companies |c Stanislav Škapka |
| 520 | |a Skúmanie možnosti investícií súkromných investorov v prirodzenom monopole a analýza problematiky merania rizík. | ||
| 610 | 2 | 0 | |a politika protimonopolná |
| 610 | 2 | 0 | |a monopoly prirodzené |
| 610 | 2 | 0 | |a monopoly medzinárodné |
| 610 | 2 | 0 | |a konkurencia |
| 100 | 1 | |a Škapka, Stanislav | |